Arctic Monkeys Lyrics - Red Right Hand - Statistics

General Stats
  • This quiz has been taken 37 times
    36 since last reset
  • The average score is 185 of 293
Answer Stats
Lyrics % Correct
a
94%
A
94%
hand
91%
red
91%
right
91%
the
91%
in
88%
In
88%
an
84%
and
84%
And
84%
it
84%
you
84%
You
84%
go
81%
of
81%
Take
81%
to
81%
edge
78%
he
78%
man
78%
man,
78%
walk
78%
little
75%
town
75%
your
75%
as
72%
do
72%
his
72%
like
72%
On
72%
on
72%
with
72%
coat
69%
Where
69%
across
66%
cracks
66%
'cross
66%
He's
66%
he's
66%
tracks
66%
heal
63%
He'll
63%
he'll
63%
lie
63%
no
63%
shifts
63%
tall
63%
be
59%
black
59%
comes
59%
handsome
59%
is
59%
secrets
59%
there
59%
you're
59%
You're
59%
back
56%
boy
56%
by
56%
get
56%
ghost,
56%
good
56%
guru
56%
have
56%
never
56%
see
56%
some
56%
tell
56%
that
56%
you've
56%
You've
56%
arms
53%
been
53%
can
53%
destroy
53%
don't
53%
feel
53%
know
53%
lifetime
53%
one
53%
Past
53%
past
53%
car,
50%
doom
50%
dreams
50%
dusty
50%
god,
50%
got
50%
I'm
50%
insect
50%
looms
50%
money?
50%
off
50%
-respect,
50%
self
50%
stacks
50%
Stacks
50%
took
50%
viaduct
50%
You'll
50%
you'll
50%
bird
47%
buddy,
47%
But
47%
but
47%
coming
47%
gathering
47%
here
47%
him
47%
microscopic
47%
nightmares,
47%
plan
47%
storm
47%
Well,
47%
all
44%
'cause
44%
green
44%
rekindle
44%
thing
44%
turn
44%
won't
44%
worry,
44%
directed
41%
mills,
41%
not
41%
screen
41%
seems
41%
single
41%
soul
41%
those
41%
TV
41%
warning
41%
what
41%
bridge,
38%
catastrophic
38%
Designed
38%
Hey,
38%
hidden
38%
humming
38%
paper
38%
border
34%
cog
34%
disappearing
34%
fires
34%
If
34%
land
34%
reach
34%
shrinking
34%
Through
34%
wires
34%
wrap
34%
cast
31%
haven't
31%
into
31%
name
31%
out
31%
shadow
31%
slums
31%
They're
31%
this
31%
wherever
31%
deep
28%
hole,
28%
stands
28%
appear
25%
head
25%
nowhere,
25%
whispering
22%
ghetto
19%
square,
19%
ya
19%
Bowery
6%
barrows
3%
No matching quizzes found
Score Distribution
Percent of People with Each Score
Percentile by Number Answered
Your Score History
You have not taken this quiz since the last reset